00000000nam##2200000za#4500
0019.699108
003CaOODSP
00520241203113638
007cr |||||||||||
008150407|2002||||xxc|||||o    f|0| 0 eng|d
040 |aCaOODSP|beng
043 |an-cn---
0861 |aEn14-173/2002E-PDF
1101 |aCanada. |bEnvironment Canada.
24510|aWorm species richness |h[electronic resource]
2461 |aEMAN ecosystem monitoring partnership
260 |aOttawa - Ontario : |bEnvironment Canada |c[2002].
300 |a11p.|bfigs., tables, photographs
590 |a14-21-Supp|b2014-12-11
69007|aAnimal populations|2gcpds
69007|aEnvironmental management|2gcpds
77508|tDiversité des espèces de vers |w(CaOODSP)9.643126
85640|ahttp://publications.gc.ca|qPDF|s786 KB|uhttps://publications.gc.ca/collections/collection_2014/ec/En14-173-2002-eng.pdf